| 000 | 00000nam##2200000za#4500 |
| 001 | 9.597820 |
| 003 | CaOODSP |
| 005 | 20210624204232 |
| 007 | cr ||||||||||| |
| 008 | 150406|2004||||xxc|||||o f|0| 0 fre|d |
| 040 | |aCaOODSP|bfre |
| 043 | |an-cn--- |
| 086 | 1 |aTU3-5/04-4F-PDF |
| 110 | 2 |aBureau de la sécurité des transports du Canada. |
| 245 | 10|aPerte de maîtrise en direction et sortie de piste du Fairchild SA227-AC C-FYAG exploité par Bearskin Lake Air Service Ltd. à l'aéroport régional de Dryden (Ontario), le 15 janvier 2004 |h[ressource électronique] |
| 260 | |aGatineau - Québec : |bBureau de la sécurité des transports du Canada |c[2005]. |
| 300 | |a12p. |
| 490 | 1 |aRapport d'enquête aéronautique |vA04C0016 |
| 590 | |a10-05-Supp|b2010-07-20 |
| 691 | 07|aAccident d'avion|2gcpds |
| 775 | 08|tLoss of directional control and runway excursion - Bearskin Lake Air Service Ltd. Fairchild SA227-AC, C-FYAG, Dryden Regional Airport, Ontario, 15 January 2004 |w(CaOODSP)9.566303 |
| 830 | #0|aRapport d'enquête aéronautique ;|vA04C0016|w(CaOODSP)9.501229 |
| 856 | 40|ahttp://publications.gc.ca|qPDF|s94 Ko|uhttps://publications.gc.ca/collections/collection_2009/bst-tsb/TU3-5-04-4F.pdf|yA04C0016 |